Visiones = Visitors /

Uloženo v:
Podrobná bibliografie
Hlavní autor: Franklin, Richard (realización)
Další autoři: Roche, Everett De (guión) (guión), Ryan, Ellery (fotógrafo) (fotógrafo), Plitzco, Christiana (vestuario) (vestuario), Pulbrook, David (montaje) (montaje), Tyson-Chew, Nerida (música) (música), Mitchel, Radha (actuación) (actuación), Barret, Ray (actuación) (actuación), Ceberano, Phil (actuación) (actuación)
Médium: Video
Jazyk:angličtina
Témata:
Tagy: Přidat tag
Žádné tagy, Buďte první, kdo vytvoří štítek k tomuto záznamu!

MARC

LEADER 00000ngm^a2200000^a^4500
001 000434774
005 20251020000000.0
008 211119
009 20260310123114.5
037 |a Acervo ITESO - Biblioteca 
041 |a ING 
082 |a AU 820.  |b FRA 
100 |a Franklin, Richard  |e (realización) 
240 1 1 |a [Visiones, de Richard Franklin] 
245 1 0 |a Visiones =  |b Visitors /  |c Realización de R. Franklin. 
264 2 |a México :  |b Quality Films [distribución],  |c copyright fecha no identificada 
300 |a 1 DVD regiones 1 y 4 (90 min.) :  |b color +  |e 1 lámina 
336 |a imagen móvil bidimensional  |b tdi  |2 rdacontenido 
337 |a video  |b v  |2 rdamedio 
338 |a videodisco  |b vd  |2 rdasoporte 
546 |a En inglés, con subtítulos opcionales: español 
649 |a XX 
650 |a Exploradores y Viajeros en el Cine 
650 |a Mujeres en el Cine 
650 |a Fantasmas en el Cine 
650 |a Seres Fantásticos en el Cine 
650 |a Películas de Suspenso y Terror 
650 |a Dramas Cinematográficos 
650 |a Cine Fantástico 
650 |a Cine Australiano -  |y 2000-2009 
650 |a Cine Australiano -  |y Siglo XXI 
650 |a Viajes Marítimos 
650 |a Soledad 
650 |a Alucinaciones 
650 |a Psicopatología 
700 |a Roche, Everett De  |e (guión) 
700 |a Ryan, Ellery  |e (fotógrafo) 
700 |a Plitzco, Christiana  |e (vestuario) 
700 |a Pulbrook, David  |e (montaje) 
700 |a Tyson-Chew, Nerida  |e (música) 
700 |a Mitchel, Radha  |e (actuación) 
700 |a Barret, Ray  |e (actuación) 
700 |a Ceberano, Phil  |e (actuación) 
910 |a Fondo General 
920 |a Audiovisuales - DVDs 
940 |a Películas 
905 |a 302 
901 |a 0500351941  |b IT2  |c DVS  |i D119178  |u 20250521 
901 |a 0500351942  |b IT2  |c MIN  |i D119179  |u 20251020 
902 |a https://opac.biblio.iteso.mx/vufind/Record/000434774